| 000 | 00638cam a2200193 4500500 | ||
|---|---|---|---|
| 005 | 20260405003924.0 | ||
| 041 | _afre | ||
| 042 | _adc | ||
| 100 | 1 | 0 |
_aEltchaninoff, Michel _eauthor |
| 245 | 0 | 0 | _aLe kit de survie en cas de guerre est-il une bonne idée ? La chronique de Michel Eltchaninoff |
| 260 | _c2025. | ||
| 500 | _a5 | ||
| 690 | _aAngoisse | ||
| 690 | _aGuerre | ||
| 690 | _aMichel Eltchaninoff | ||
| 690 | _aSénèque | ||
| 786 | 0 | _nPhilosophie magazine | 190 | 6 | 2025-06-01 | p. 17-17 | 1951-1787 | |
| 856 | 4 | 1 | _uhttps://shs.cairn.info/magazine-philosophie-magazine-2025-6-page-17?lang=fr&redirect-ssocas=7080 |
| 999 |
_c2072117 _d2072117 |
||